MARC

Tag First Indicator Second Indicator Subfields
LEADER 00000cam a2200000La 4500
001 in00001577458
005 20220103183022.0
006 m u
007 cr cn-
008 001007s1997 stk sb 001 0 eng d
010 |z  98103407  
020 |a 0585086656 (electronic bk.) 
020 |z 0748607420 
020 |z 0748609164 
035 |a (OCoLC)ocm42856154 
040 |a N$T  |c N$T  |d OCL  |d UtOrBLW 
043 |a e-uk-st 
049 |a IKMN 
050 1 4 |a PR8533  |b .H57 1997eb 
082 0 4 |a 820.9/9287/09411  |2 21 
245 0 2 |a A history of Scottish women's writing /  |c edited by Douglas Gifford and Dorothy McMillan. 
264 1 |a Edinburgh :  |b Edinburgh University Press,  |c [1997] 
264 4 |c ©1997 
300 |a xxiii, 716 pages ;  |c 25 cm. 
336 |a text  |b txt  |2 rdacontent 
337 |a computer  |b c  |2 rdamedia 
338 |a online resource  |b cr  |2 rdacarrier 
504 |a Includes bibliographical references (pages [677]-707) and index. 
533 |a Electronic reproduction.  |b Boulder, Colo. :  |c NetLibrary,  |d 1999.  |n Available via the World Wide Web.  |n Available in multiple electronic file formats.  |n Access may be limited to NetLibrary affiliated libraries. 
500 |a Electronic resource. 
650 0 |a Scottish literature  |x Women authors  |x History and criticism. 
650 0 |a Scottish Gaelic literature  |x Women authors  |x History and criticism. 
650 0 |a Women and literature  |z Scotland  |x History. 
650 0 |a Women  |z Scotland  |x Intellectual life. 
651 0 |a Scotland  |x In literature.  |0 http://id.loc.gov/authorities/subjects/sh2008116914 
650 5 |a Canadian literature  |x Women authors  |x History and criticism.  |0 http://id.loc.gov/authorities/subjects/sh2009118224 
650 6 |a Littérature écossaise  |x Écrits de femmes  |x Histoire et critique. 
650 6 |a Littérature anglaise  |x Auteurs écossais  |x Histoire et critique. 
650 6 |a Littérature gaélique  |x Écrits de femmes  |x Histoire et critique. 
650 6 |a Écrits de femmes canadiens-anglais  |x Histoire et critique. 
650 6 |a Femmes et littérature  |z Écosse  |x Histoire. 
655 7 |a Electronic books.  |2 local 
700 1 |a Gifford, Douglas,  |d 1940-  |0 http://id.loc.gov/authorities/names/n50028033 
700 1 |a McMillan, Dorothy.  |0 http://id.loc.gov/authorities/names/n89658028 
710 2 |a NetLibrary, Inc.  |0 http://id.loc.gov/authorities/names/no99080690 
776 1 |c Original  |w (DLC) 98103407  |w (OCoLC)37437599 
856 4 1 |u https://proxy.library.tamu.edu/login?url=http://www.netlibrary.com/urlapi.asp?action=summary&v=1&bookid=9204  |z Connect to the full text of this electronic book  |t 0 
994 |a 92  |b IKM 
999 |a MARS 
999 f f |s 064427a9-33e3-399a-8d26-1b3bd5c3a994  |i b4bda20b-944f-3628-ab3a-b0e4461b785c  |t 0 
952 f f |a Texas A&M University  |b College Station  |c Electronic Resources  |d Available Online  |t 0  |e PR8533 .H57 1997eb  |h Library of Congress classification 
998 f f |a PR8533 .H57 1997eb  |t 0  |l Available Online